[Event "EU-ch 4th"]
[Site "Istanbul"]
[Date "2003.06.05"]
[Round "6"]
[White "Zvjaginsev, Vadim"]
[Black "Sargissian, Gabriel"]
[Result "1/2-1/2"]
[WhiteElo "2664"]
[BlackElo "2572"]
[Annotator "Ribli,Z"]
[PlyCount "140"]
[EventDate "2003.05.30"]
[EventType "swiss"]
[EventRounds "13"]
[EventCountry "TUR"]
[SourceTitle "CBM 096"]
[Source "ChessBase"]
[SourceDate "2003.09.25"]
[SourceVersion "1"]
[SourceVersionDate "2003.09.25"]
[SourceQuality "1"]

1. c4 Nf6 2. Nc3 e6 3. e4 {Das ist die sogenannte Mikenas-Variante, welche das
schärfste System in der Englischen Eröffnung darstellt.} d5 (3... c5 4. e5 (4.
Nf3 Nc6 5. Be2 {Großmeister Zvjaginsev spielt gern diese Variante, welche auch
von der Sizilianischen Verteidigung erreicht werden kann (1.e4 c5 2.Nf3 e6 3.
c4 Nc6 4.Nc3 Nf6 5.Be2).}) 4... Ng8 5. Nf3 Nc6 6. d4) 4. e5 d4 5. exf6 dxc3 6.
bxc3 Qxf6 7. Nf3 e5 8. d4 {Heutzutage wird dieser Zug relativ selten gespielt
- die Variante 8.Bd3 (und schnelle Entwicklung) ist populärer.} exd4 9. Bg5
Qe6+ 10. Be2 Be7 (10... f6 11. Nxd4 Qf7) 11. cxd4 Bxg5 12. Nxg5 Qe7 (12... Qg6)
13. Qd2 O-O (13... Nc6 $5 14. O-O (14. d5 Ne5 15. O-O O-O 16. f4 Nd7 17. Bd3
Nf6 $11) 14... Nxd4 15. Bh5 Be6 16. Nxf7 Bxf7 17. Bxf7+ Kxf7 18. Qxd4 Rhd8 $11)
14. O-O h6 15. Nf3 c5 (15... Bg4 $6 16. Rab1 $1 b6 17. h3 Bh5 18. Rb5 Bxf3 19.
Bxf3 c6 20. Rbb1 Qd6 21. Rfd1 {1-0 Har Zvi,R-Liss,E/Rishon Le Ziyyon 1991/EXT
99 (41)}) (15... Nd7 $5) 16. d5 (16. Rfe1 Nd7 17. Rad1 Nf6 {1/2-1/2 Bukal,
V-Petrosian,A/Ptuj 1995/EXT 2000 (17)}) 16... Qd6 17. Rab1 $5 $146 {[%mdl 4]
Nach diesem Zug kontrolliert Weiß die halboffene b-Linie und später kann er
seinen Turm auf der 3. Reihe ins Spiel bringen.} (17. Rfe1 {[%csl Ge1][%cal
Ge1e8]} Nd7 (17... Bf5 $5) 18. Rab1 Re8 19. Bd3 Rxe1+ 20. Qxe1 {[%cal Ge1e8]} (
20. Rxe1 $14) 20... Nf6 21. Nd2 (21. Ne5 $14) 21... g6 22. h3 b6 23. Qe3 Kg7
24. f4 $1 {[%cal Ge3e5]} Ba6 (24... Bd7 25. Qe5 $16) 25. Qe5 {[%csl Ge5]} Rd8 (
25... Qxe5 26. fxe5 $16 {[%csl Gd5,Ge5]}) 26. Rb3 $16 {[%cal Rb3a3,Ra3a7] 1-0
Timman,J-Naiditsch,A/Dortmund 2002/CBM 91/[Ribli] (53)}) (17. Qb2 Nd7 18. Bd3
Qf6 19. Qe2 Rd8 20. Rae1 Nf8 21. Ne5 Bf5 22. Qf3 Bxd3 23. Qxf6 gxf6 24. Nxd3 b5
25. Rc1 Rac8 26. Nf4 b4 {0-1 Illescas Cordoba,M-Pogorelov,R/Zaragoza 1996/EXT
97 (44)}) 17... b6 18. Rb3 $14 {[%csl Gc4,Gd5][%cal Gb3e3,Ge3e8] Weiß hat
Raumvorteil und die bessere Entwicklung. Andererseits hat Schwarz eine feste
Stellung ohne Schwächungen.} Nd7 19. Re3 Bb7 20. Re1 b5 $1 {Statt passiver
Verteidigung sprengt Schwarz das weiße Bauernzentrum und möchte so viel
Material wie möglich tauschen.} (20... Rae8 21. Bd3 Nf6 (21... Rxe3 22. Qxe3
$14) 22. Ne5 $14) 21. Qb2 {[%cal Gb2b7,Gb2g7]} (21. cxb5 Nb6 $132 (21... Bxd5
22. Nh4 Nb6 23. Nf5 Qd7 24. Ne7+ Kh8 25. Qc3 $16)) 21... Rab8 22. Nh4 {[%cal
Rh4f5,Rf5d6,Rb2g7] Droht jetzt 23.Nf5 oder 23.Qxg7+ Kxg7 24.Nf5+.} (22. Qxb5
Bxd5 23. Qa5 Bc6 $11) 22... Qf6 $1 {Mit diesem gutem Verteidigungszug kann
Schwarz die gefährlichste weiße Figur tauschen.} 23. Qxf6 Nxf6 24. Nf5 {
[%csl Gf5]} bxc4 25. Ne7+ (25. Bxc4 $5 g6 (25... Rbd8 26. d6 $36) 26. Ne7+ (26.
Nxh6+ $2 Kg7 {[%csl Rh6]}) 26... Kg7 27. Rb3 $14 (27. Ra3 Rfe8 $11)) 25... Kh7
26. Bxc4 Rbd8 27. Ra3 a6 (27... Nxd5 28. Rxa7 Nxe7 29. Rxb7 $16) (27... Bxd5
28. Nxd5 Nxd5 29. Rxa7 $14) 28. Nc6 (28. Bxa6 Bxa6 29. Rxa6 Nxd5 $11) 28... Rd6
(28... Bxc6 $2 29. dxc6 $16) 29. Re7 (29. Rb1) 29... Bc8 (29... Bxc6 30. dxc6
Rxc6 31. Rxa6 Rxa6 32. Bxa6 $14) 30. Ne5 Kg8 (30... Nxd5 31. Nxf7 Rb6 (31...
Nxe7 32. Nxd6 $14) 32. Re1 Rxf7 33. Bxd5 Re7 $11) 31. Rc7 Nxd5 32. Rxc5 Nb6 33.
Bb3 Be6 $1 $11 {Stufenweise hat Schwarz eine ausgeglichene Stellung erreicht.}
34. h3 Bxb3 35. Rxb3 (35. axb3 Re8 36. Rxa6 Nd7 37. Rxd6 Nxc5 $11) 35... Nd7 (
35... Re8 $11) 36. Nxd7 Rxd7 37. g4 {[%csl Gb3,Gc5][%mdl 4096] Die
Bauernstellung ist symmetrisch in einem materiell gleichen Turmendspiel, aber
Schwarz muss vorsichtigt sein - Weiß hat zwei aktive Türme und einen sehr
kleinen, aber dauerhaften Vorteil.} Rd6 38. Kg2 Rfd8 39. Ra5 Rf6 40. Kg3 g5 41.
f3 Kg7 42. h4 gxh4+ (42... Kg6 $11) 43. Kxh4 Rd4 44. Rba3 Rdf4 45. Kg3 (45.
Rxa6 Rxa6 (45... Rxf3 $11) 46. Rxa6 Rxf3 $11) 45... Kg6 46. Rd5 (46. Rxa6 Rxf3+
$11) 46... Kg7 47. Rc5 Rd4 48. Rca5 Rdd6 (48... Rdf4 $11) 49. R3a4 Rc6 50. Rf4
Rb6 51. a4 Rbc6 52. Rxf6 Rxf6 53. Rc5 Rd6 54. a5 Rf6 55. Rc7 $1 Rd6 (55... h5
$5 $11) 56. Ra7 Rd4 $1 {Statt passiver Verteidigung opfert Schwarz einen
Bauern und verbessert seine Turmstellung.} (56... Kg6 $11) 57. Rxa6 Ra4 {
[%csl Ga4] Schwarz hat einen Bauern weniger, aber er kann die Stellung leicht
halten - der Turm steht auf a4 ausgezeichnet, denn er kontrolliert den
a-Bauern und beschränkt die Bewegung des weißen Königs.} 58. Kf2 Ra3 {[%cal
Ga3f3]} 59. Ke2 Kh7 60. Ra8 (60. f4 Kg7 $11) 60... Kg7 61. a6 Kh7 62. f4 Ra4 {
[%cal Ga4g4]} (62... Kg7 $11) 63. Ke3 Kg7 64. Kf3 Kh7 65. Kg3 Kg7 66. f5 Kh7 {
Mit einfacher Wartestrategie hält Schwarz das Remis.} (66... Kf6 $11) 67. Kh4
Kg7 68. Kg3 Kh7 69. Kf3 Kg7 70. a7 Ra1 1/2-1/2

[Event "MK Cafe Cup-A"]
[Site "Koszalin"]
[Date "1999.08.13"]
[Round "10"]
[White "Lerner, Konstantin Z"]
[Black "Gyimesi, Zoltan"]
[Result "1-0"]
[WhiteElo "2588"]
[BlackElo "2531"]
[Annotator "Ribli,Z"]
[PlyCount "102"]
[EventDate "1999.08.03"]
[EventType "swiss"]
[EventRounds "9"]
[EventCountry "POL"]
[SourceTitle "CBM 073"]
[Source "ChessBase"]
[SourceDate "1999.12.01"]
[SourceVersion "1"]
[SourceVersionDate "1999.12.01"]
[SourceQuality "1"]

{[%mdl 5120]} 1. c4 {Hansen,Cu} e6 2. Nc3 Nf6 3. e4 d5 4. e5 d4 5. exf6 dxc3 6.
bxc3 Qxf6 7. Nf3 e5 8. d4 {Das ist die alte Fortsetzung. Heutzutage ist 8.Bd3
ist populärer. Ribli.} exd4 9. Bg5 (9. cxd4 Bb4+ $11) 9... Qe6+ (9... Qg6 $6
10. Bd3 Qh5 11. O-O $40 {[%csl Re8] Weiss hat grossen Entwicklungsvorteil.})
10. Be2 Be7 (10... d3 $6 11. O-O f6 12. Bxd3 $16 {[%cal Rf1e1,Re1e8] Schwarz
hat die bessere Bauernstruktur, aber das ist ohne Bedeutung, denn Weiss hat
grossen Entwichlungsvorteil und Angriffschancen.}) (10... f6 $6 11. Nxd4 Qf7
12. Bh4 $16 {Auch hier ist der weisse Entwicklungsvorsprung gross und Schwarz
muss immer mit Bh5 rechnen.}) 11. cxd4 Bxg5 12. Nxg5 Qg6 {Andere Damenzüge
sind auch spielbar.} (12... Qf6 13. Qd2 O-O 14. O-O Bf5 (14... Nc6 15. d5 Nd4
16. Bd3 Bf5 17. Bxf5 Nxf5 18. Ne4 Qg6 19. Rfe1 Rad8 20. Qf4 b6 21. a4 Nd6 22.
Nxd6 Qxd6 23. Qxd6 Rxd6 24. a5 {1/2-1/2 Cramling,D-Wiedenkeller,M/Stockholm
1993/EXT 97 (24)}) 15. Rad1 Re8 {1/2-1/2 Stohl,I-Zarnicki,P/Moscow 1994/CBM 44
ext (15)}) (12... Qe7 13. Qd2 O-O 14. O-O h6 15. Nf3 c5 (15... Bg4 $6 16. Rab1
$1 b6 17. h3 Bh5 18. Rb5 {1-0 Har Zvi,R-Liss,E/Rishon Lezion 1991/EXT 99 (41)})
16. d5 Qd6 17. Qb2 Nd7 18. Bd3 Qf6 19. Qe2 Rd8 20. Rae1 Nf8 21. Ne5 Bf5 22. Qf3
Bxd3 23. Qxf6 gxf6 24. Nxd3 b5 25. Rc1 Rac8 26. Nf4 b4 {0-1 Illescas Cordoba,
M-Pogorelov,R/Zaragoza 1996/EXT 97 (44)}) 13. f4 (13. Qd2 O-O 14. O-O h6 15.
Nf3 Bh3 16. Ne1 Re8 17. f4 Nc6 18. Bd3 Bf5 19. Bxf5 Qxf5 20. Nf3 Rad8 21. Rab1
Nxd4 22. Nxd4 Qc5 23. Rxb7 Rxd4 24. Qf2 Rxc4 25. h3 Re2 26. Qxc5 Rxc5 27. Rxa7
Rcc2 {0-1 Uhl,H-Gebhardt,U/OLO-C 1995/GER (55)}) (13. Nf3 O-O 14. O-O Bh3 15.
Ne1 Bf5 $11) 13... O-O (13... h6 $2 14. Bh5 $18 {[%csl Re8,Rf7,Gg5,Rg6,Gh5]
[%cal Rh5e8]}) 14. O-O {Die weisse Stellung scheint mir aktiver, aber er muss
vorsichtig sein. Ist sein Angriff nicht ausreichend, machen sich die Schwächen
bemerkbar.} Nc6 (14... h6 $5 15. Nf3 {[%cal Gf3e5]}) (14... f6 $5 {Mit diesem
Zug kann Schwarz den Springer verjagen und gleichzeitig das Feld e5
kontrollieren, aber seine Königsstellung wird ein wenig geschwächt.}) 15. d5
Ne7 16. Qd2 $14 {Weiss hat die bessere Figurenkoordination und Initiative am
Königsflügel.} Bf5 (16... h6 17. Nf3 Qb6+ 18. Rf2 $14) 17. g4 f6 (17... Bd7 18.
f5 $36) 18. Ne6 $5 (18. gxf5 Nxf5 {[%csl Gf5]} 19. Rab1 fxg5 20. fxg5 b6 $11)
18... Bxe6 19. dxe6 f5 $8 $13 {[%cal Rg6e6,Rf5g4] Schwarz muss so spielen,
sonst kommt Weiss zu 20.f5 mit grosem Raumvorteil. Nach dieser Fortsetzung
hängt auf e6 und auf g4.} 20. Qd7 {[%csl Gd7]} Rfe8 (20... Rae8) 21. Rad1 {
Weiss beschäftigt sich nicht mit dem g4-Bauern, sondern besetzt die d-Linie
und verhindert so 21...Rad8.} (21. Qxc7 Qxe6 $15) 21... Nc6 (21... fxg4 22. f5
$36 Nxf5 $2 23. Qf7+ Qxf7 24. exf7+ Kxf7 25. Rxf5+ $18) (21... Rad8 22. Qxd8
Rxd8 23. Rxd8+ $18) 22. Bf3 {[%cal Gf3a8]} (22. Qxc7 $6 Re7 (22... Re7 23. Rd7
Qxe6 24. Rxe7 Qxe7 25. Qxe7 Nxe7 $11)) 22... Kf8 (22... fxg4 23. f5 $36) 23.
Rfe1 Re7 (23... fxg4 24. Bxc6 bxc6 25. Qxc6 $16) 24. Qd5 fxg4 25. f5 Qf6 (25...
Qg5 $5 26. Bg2 g3 $13 (26... Rd8 $2 27. Qxd8+ Nxd8 28. Rxd8+ Re8 29. e7+ Kf7
30. Bd5+ Kf6 31. Rxe8 $18)) 26. Bg2 $44 {Weis bleibt mit dem Läufer lieber in
der langen Diagonalen, statt den Bauern g4 zu nehmen.} (26. Bxg4 Rd8 27. Qe4 (
27. Qxd8+ Nxd8 28. Rxd8+ Re8 29. e7+ Kf7 30. Bh5+ g6 31. fxg6+ hxg6 32. Rf1
Qxf1+ 33. Kxf1 gxh5 $15) 27... Nd4 $132 {[%csl Gd4]} 28. Qxb7 c5 $44) 26... g6
$2 {Warum öffnet Schwarz die Stellung am Königsflügel? Es wäre logischer, die
Stellung mit 26...Rae8 oder 26...Kg8 geschlossen zu halten.} (26... Rd8 $2 27.
Qxd8+ Nxd8 28. Rxd8+ Re8 29. e7+ Kf7 30. Bd5+ $18) 27. fxg6 {[%cal Re1f1,Rf1f8]
} Kg7 (27... Qxg6 28. Qc5 $16 {[%csl Gc5,Ge6,Rf8][%cal Gc5f8]}) 28. gxh7 Kh8 {
Dank seines unglücklichen 26.Zuges hat Schwarz jetzt einen bauern weniger
statt mehr.} (28... Kxh7 $6 29. Qh5+ Kg8 30. Re4 $40) 29. Rf1 $5 $14 {Weiss
gibt den auf den ersten Blick starken e-Bauern, aber er aktiviert so seine
Türme.} Qxe6 30. Qxe6 Rxe6 31. Rd7 {[%csl Gd7,Gh7]} Ne5 {Schwarz gibt einen
weiteren Bauern. Seine Idee ist, die Partie im Turmendspiel zu retten.} (31...
Rc8 32. Rff7 $36) (31... Re7 $4 32. Bxc6 $18) 32. Rxc7 Nf3+ 33. Bxf3 (33. Kf2
$16) 33... gxf3 34. Rxf3 $16 {Weiss hat zwei Bauern mehr, aber er hat
Doppelbauern in der h-Linie. Noch wichtiger ist seine Aktivität. Der Turm c7
steht ausgezeichnet und der h-Bauer ist für Schwarz unangenehm.} b6 35. Rg3 {
[%cal Gg3g7,Gg7a7,Gc7g7,Gg3g8]} (35. Rff7 $16) 35... a6 36. a4 $5 (36. Rcg7
Rae8 37. Rg8+ Kxh7 38. R3g7+ Kh6 39. Rxe8 Rxe8 40. Ra7 $16) 36... Re2 (36...
Rae8 $16) 37. Rcg7 Rae8 38. Rg8+ {Weiss gibt den h7-Bauern, bekommt dafür den
Bauern auf b6.} Kxh7 39. R3g7+ Kh6 40. Rg6+ Kh5 $6 (40... Kh7 $142 41. Rxe8
Rxe8 42. Rxb6 Rc8 43. Rxa6 Rxc4 $16 {Wir haben eine ähnliche Stellung in der
Partie, aber der schwarze König steht auf h5 schlechter.}) 41. Rxe8 Rxe8 42.
Rxb6 Rc8 43. Rxa6 Rxc4 {Hansen,Cu: 'This type of endgame has - I guess - been
covered in more than one endgamebook. Most recently I have seen this type of
position analysed in Dvoretsky and Jusupovs "Tecnique for the Tournament
Player" - pages 50-56. In the games they analyse in the book the h-P was much
further advanced but to my knowledge this does not make any difference.
However what is very important is the situation of the black K which in the
examples given by Dvoretsky and Jusupov was much closer to its ideal square -
which is h7. Because blacks K is badly placed on h5 and cut off on the sixth
rank I believe this endgame is lot for black.'  Nach forcierten
Vereinfachungen hat Weiss zwei Bauern mehr im Turmendspiel und gute
Gewinnchancen.} 44. Kf2 {Der weisse König strebt zum Damenflügel. Die schwarze
Stellung ist kaum zu halten.} Kg5 (44... Rc2+ {Hansen,Cu} 45. Ke3 Rxh2 46. a5
Ra2 47. Kd4 {followed by Ra8 and white wins}) 45. Ke3 Rh4 {Hansen,Cu: 'The
normal defensive setup (with the black K on h7 or somewhere close to this
square) would be to keep attacking the a-P from the side and give checks from
the side as well once the white king gets close to it:'} (45... Kh5 {Hansen,Cu}
46. Kd3 Rf4 {However this does not seem to make a draw in this position:} 47.
a5 $1 Rf5 48. Ra8 Kh6 49. a6 Rf6 (49... Kh7 50. Rb8 $18) 50. a7 Ra6 51. Rh8+ {
This is why the K should be on h7}) 46. a5 {[%csl Ga5] Der h-Bauer ist nicht
mehr von Bedeutung.} Kf5 (46... Rxh2 {Hansen,Cu} 47. Kd4 Kf5 48. Rc6 {and the
black K is cut off along the sixth rank}) 47. Ra8 Rxh2 48. a6 $18 {[%csl Rf5]
Der schwarze König steht exponiert und es droht daher 49.a7 nebst 50.Rf8+ mit
Gewinn.} Rh7 49. Kd4 (49. a7 Rf7 50. Kd4 Kf4 (50... Kf6 {Hansen,Cu} 51. Kc5 Kf5
52. Kb6 Rf6+ $11)) 49... Rf7 50. Kc5 Rf6 51. Kb5 Kf4 1-0

[Event "MK Cafe Cup-A"]
[Site "Koszalin"]
[Date "1999.08.13"]
[Round "10"]
[White "Ftacnik, Lubomir"]
[Black "Kveinys, Aloyzas"]
[Result "1-0"]
[WhiteElo "2589"]
[BlackElo "2515"]
[Annotator "Ribli,Z"]
[PlyCount "37"]
[EventDate "1999.08.03"]
[EventType "swiss"]
[EventRounds "9"]
[EventCountry "POL"]
[SourceTitle "CBM 073"]
[Source "ChessBase"]
[SourceDate "1999.12.01"]
[SourceVersion "1"]
[SourceVersionDate "1999.12.01"]
[SourceQuality "1"]

{[%mdl 9216]} 1. c4 Nf6 2. Nc3 e6 3. e4 {Die sogenannte Mikenas-Variante führt
zu scharfem Spiel, was in der Englischen Eröffnung nicht ungewöhnlich ist.
Ribli.} d5 4. e5 d4 5. exf6 dxc3 6. bxc3 Qxf6 7. Nf3 e5 8. Bd3 {Das ist das
moderne System. Früher spielte man 8.d4. Weiss möchte zuerst die Entwicklung
beenden und erst später, wenn überhaupt, d2-d4 ziehen.} Bd6 9. O-O Na6 10. Bc2
Bg4 (10... O-O 11. d4 exd4 12. cxd4 Bf5 13. Rb1 Rab8 14. Bg5 Qg6 15. Bxf5 Qxf5
16. Re1 h6 17. Bh4 c5 {1/2-1/2 Hauchard,A-Levacic,D/FRA-chT 1993/TD (65)}) 11.
d4 O-O-O $2 {Dieser Zug ist ein Fehler. Schwarz verliert Material. Die
Alternative 11...Bxf3 bietet Schwarz ungefähr gleiche Aussichten.} (11... Bxf3
12. Qxf3 Qxf3 13. gxf3 exd4 (13... O-O-O 14. Rb1 c5 15. Be4 b6 16. dxe5 Bxe5
17. Rb3 Nb8 18. Be3 Kc7 19. Rfb1 Nc6 20. Bd5 Rd7 21. f4 {1/2-1/2 Gelfand,
B-Jussupow,A/Erevan 1996/EXT 96ch2 (21)}) 14. Re1+ Kd7 $5 $146 (14... Kd8 15.
Be4 (15. cxd4) 15... Rb8 $5 16. cxd4 c5 17. Be3 Kc7 $11 {0-1 Milov,V-Dizdar,G/
Dresden 1998/CBM 65_03/[Ribli] (39)}) 15. Bf5+ Kd8 16. cxd4 c5 17. Bb2 {
[%cal Gb2h8]} Kc7 {[%csl Gc7]} 18. Kf1 {[%csl Rg7][%cal Gb2g7]} cxd4 19. Bxd4
f6 $11 {1/2-1/2 Huebner,R-Stohl,I/Baden 1999/CBM 71/[Ribli] (33)}) 12. Bg5 $1 {
Die Widerlegung kommt sofort. Schwarz verliert Material.} (12. Be4 {Diese
Fortsetzung ist auch nicht schlecht, aber der Textzug ist viel stärker.} Bxf3
13. Bxf3 c6 14. Rb1 exd4 15. cxd4 Rhe8 16. Qa4 Re7 17. Bg4+ {1-0 Vanderwaeren,
S-Praet,M/Geel 1996/EXT 97 (17)}) 12... Bxf3 (12... Qxg5 13. Nxg5 Bxd1 14.
Raxd1 Rdf8 (14... Rhf8 15. Nxh7 $16) 15. Bf5+ (15. Nxh7 e4 16. c5 Bxh2+ 17.
Kxh2 Rxh7+ 18. Kg3 f5 19. Rh1 $14) 15... Kb8 16. Nxh7 $16) 13. Bxf6 Bxd1 14.
Bf5+ $1 $16 {Diesen starken Zwischenzug hatte Schwarz wohl übersehen.} Rd7 (
14... Kb8 15. Bxd8 Be2 16. Rfe1 Bxc4 17. dxe5 Bxe5 18. Rxe5 Rxd8 $16 {Weiss
hat eine Qualität mehr und Schwarz hat nur einen Bauern als Kompensation.}) 15.
Bxg7 (15. Bxd7+ Kxd7 16. Bxg7 Rg8 17. Raxd1 $18) 15... Rg8 16. Raxd1 $18 {
Alle schwarzen Figuren sind gefesselt. Weiss steht auf Gewinn, was nach 16
Zügen gegen einen Grossmeister mit Elo 2515 eine Überraschung ist.} exd4 (16...
Rxg7 17. dxe5 $18 {[%csl Rc8,Rd6,Rd7][%cal Rf5c8]} (17. Bxd7+ Kxd7 18. dxe5 $18
)) 17. Bxd4 Rg5 18. Bxd7+ {Weiss hat eine Qualität und einen Bauern mehr. Die
Partie ist entscheiden.} Kxd7 19. c5 $1 {Schwarz verliert weiteres Material
und gab daher auf.} (19. c5 $1 Nxc5 20. f4 Rf5 21. g4 Rd5 22. c4 Rxd4 23. Rxd4
$18) 1-0